| 000 | 00806nam a2200277Ia 4500 | ||
|---|---|---|---|
| 003 | OSt | ||
| 005 | 20221006152829.0 | ||
| 006 | a|||||r|||| 00| 0 | ||
| 007 | ta | ||
| 008 | 221006b |||||||| |||| 00| 0 kor d | ||
| 024 | _a29,768 | ||
| 037 |
_bGift, Korea Foundation _cTextual |
||
| 040 |
_aEASL _cEASL _bkor |
||
| 041 |
_2kor _akor |
||
| 082 | _aT:3, 495P4-;1 | ||
| 100 |
_aBERNICE E Cullinan Au. _9661870 |
||
| 245 | 0 | _aChaeck ilgo chuneun ommaga janyo-rul seongkong sikhinda | |
| 260 |
_aSeoul _bDaekyo Korea _c2004 |
||
| 300 |
_a235p. _ccm. |
||
| 490 | _v KL | ||
| 650 | _a Education | ||
| 650 | _aKL | ||
| 700 |
_a CHOE Jin Tr. _9661871 |
||
| 942 |
_hT:3, 495P4-;1 _cTEXL _2CC |
||
| 999 |
_c1097854 _d1097854 |
||